000 00382nam a22001697a 4500
005 20160528110514.0
008 160528b xxu||||| |||| 00| 0 eng d
020 _a0-471-40179-x
041 _aeng
082 _b5717
100 _aHoyle, Leonard H and others
_91434
245 _aEvent Marketing
260 _bWillys
300 _a193
650 _aManagement
_9241
942 _cBK
999 _c2029
_d2028